000 00401nam a2200181Ia 4500
003 0100
008 130303s9999 xx 000 0 und d
040 _cARRUPELIB
050 _aBS1555.V31951
100 _aVan Zeller, Hubert
245 _aDaniel
245 _bMan of Desires
260 _aWestminster, Maryland
260 _bThe Newman Press
260 _C1951
300 _a231p
942 0 0 _01
999 _c55399
_d55399